000 00518nam a2200169Ia 4500
003 OSt
005 20200622105924.0
008 190216s9999||||xx |||||||||||||| ||und||
020 _a9789380607832
040 _coclc
082 _a954
_bMAL/M
100 _aMalekandathil, Pius
_93088
245 0 _aMaritime India :
_bTrade, Religion and Polity in the Indian Ocean /
_cPius Malekandathil
260 _bPrimus Books.
_c2013.
_aDelhi:
300 _a217p
942 _cBK
_2ddc
_h954
_iMAL/M
_k954
_mMAL/M
999 _c21633
_d21633